000 00337 a2200157 4500
001 191040
020 _a978-85-360-1040-3
040 _cMagnum
100 _aLago, Angela
240 1 0 _aMinhas assombrações
_lpor
245 1 0 _aMinhas assombrações
300 _a44
362 0 _a2009
697 _aLITERATURA JUVENIL
942 _cBK
999 _c191040
_d191040